| 000 | 00620nam a22002057a 4500 | ||
|---|---|---|---|
| 999 |
_c12873 _d12873 |
||
| 003 | AR-CdUCM | ||
| 008 | 190410b ||||| |||| 00| 0 spa d | ||
| 040 |
_aMUNICIPALIDAD PROVINCIAL DEL CUSCO _cBIBLIOTECA MUNICIPAL DEL CUSCO |
||
| 082 |
_a869.57 / _bSI55 |
||
| 100 |
_aSilva Zaldívar, Delia _930975 |
||
| 245 | _aA mitad del camino / | ||
| 260 |
_aCusco : _bGraficolors, _c2011. |
||
| 300 |
_a40 paginas ; _c21 cm. |
||
| 505 | _aContenido : Poesia | ||
| 650 |
_aPoesías peruanas _91481 |
||
| 650 |
_aSiglo XXI. _92856 |
||
| 650 |
_aPoesías Cusqueñas _96460 |
||
| 942 |
_2ddc _cLIBROS |
||
| 945 |
_awnts _d2019-04-10 |
||